Title in the Lyrics - Michael Jackson - Statistics

General Stats
  • This quiz has been taken 1,264 times
    1,263 since last reset
  • The average score is 11 of 16
Answer Stats
Lyrics % Correct
{Billie} {Jean} is not my lover / She's just a girl who claims that I am the one / But the kid is not my son
98%
You've been hit by / You've been hit by / A {smooth} {criminal}
90%
And the whole world has to answer right now / Just to tell you once again / Who's {bad}
89%
But, if you're thinkin' about my baby / It don't matter if you're {black} {or} {white}
88%
I'm starting with the {man} {in} {the} {mirror} / I'm asking him to change his ways
87%
You want to be tough, better do what you can / So {beat} {it}, but you want to be bad
87%
'Cause this is {thriller} / {Thriller} night / And no one’s gonna save you / From the beast about to strike
83%
Do you {remember} {the} {time} / When we fell in love
72%
{The} {way} {you} {make} {me} {feel} / You really turn me on / You knock me off of my feet / My lonely days are gone
70%
{Heal} {the} {world} / Make it a better place / For you and for me / And the entire human race
68%
Keep on / With the force don't stop / {Don}'{t} {stop} '{til} {you} {get} {enough}
68%
All I wanna say is that / {They} {don}’{t} really {care} {about} {us}
55%
Stop pressurin' me / Make me wanna {scream}
55%
Someone's always tryin' to start my baby cryin' / Talkin', squealin', lyin' / Sayin' you just {wanna} {be} {startin}' {somethin}'
49%
You got me {working} {day} {and} {night} / And I'll be working / From sun up to midnight
39%
Carry me / Like you are my brother / Love me like a mother / {Will} {you} {be} {there}?
36%
No matching quizzes found
Score Distribution
Percent of People with Each Score
Percentile by Number Answered
Your Score History
You have not taken this quiz since the last reset